[Event "Obro 60 aar"]
[Site "Kobenhavn"]
[Date "1996.10.15"]
[Round "4"]
[White "Vestergaard, Kenneth"]
[Black "Nielsen, Poul Steen"]
[Result "1-0"]
[WhiteElo "2000"]
[BlackElo "2000"]
[PlyCount "69"]
[EventDate "1996.10.12"]
[EventCountry "DEN"]
[SourceVersionDate "2022.08.28"]

1. e4 e6 2. d4 b6 3. Nf3 Bb7 4. Bd3 Nc6 5. c3 Nce7 6. Qe2 Ng6 7. h4 Be7 8. h5
Nf8 9. g4 h6 10. Nbd2 Nh7 11. Nf1 Ng5 12. Nxg5 hxg5 13. Ng3 d6 14. Rf1 Nh6 15.
Be3 Qd7 16. O-O-O O-O-O 17. Ba6 Qa4 18. Bxb7+ Kxb7 19. Kb1 d5 20. f4 gxf4 21.
Bxf4 Qe8 22. Qf3 f6 23. exd5 exd5 24. Bxh6 gxh6 25. Rfe1 Qf7 26. Nf5 Bd6 27.
Re2 Bf8 28. Rde1 Rh7 29. Re6 Kb8 30. Qf4 Kb7 31. b3 Kc8 32. Qf1 Kb7 33. Qb5 Qg8
34. Qc6+ Kb8 35. Re8 1-0

[Event "Obro 60 aar"]
[Site "Kobenhavn"]
[Date "1996.10.15"]
[Round "4"]
[White "Aagaard, Jacob"]
[Black "Ronneland, Daniel"]
[Result "1/2-1/2"]
[WhiteElo "2370"]
[BlackElo "2190"]
[PlyCount "27"]
[EventDate "1996.10.12"]
[EventCountry "DEN"]
[SourceVersionDate "2022.08.28"]

1. e4 c5 2. Nf3 Nc6 3. Bb5 g6 4. Bxc6 dxc6 5. h3 Bg7 6. d3 Nf6 7. Nc3 O-O 8.
Be3 b6 9. Qd2 Re8 10. O-O-O e5 11. Kb1 a5 12. Nh2 a4 13. a3 Qe7 14. Bh6 1/2-1/2

[Event "Obro 60 aar"]
[Site "Kobenhavn"]
[Date "1996.10.15"]
[Round "4"]
[White "Larsen, Flemming Bo"]
[Black "Stojanovski, Sandi"]
[Result "1/2-1/2"]
[WhiteElo "2000"]
[BlackElo "2200"]
[PlyCount "55"]
[EventDate "1996.10.12"]
[EventCountry "DEN"]
[SourceVersionDate "2022.08.28"]

1. Nf3 Nf6 2. c4 c5 3. Nc3 e6 4. e3 Be7 5. Be2 O-O 6. O-O b6 7. d4 cxd4 8. exd4
d5 9. cxd5 Nxd5 10. Nxd5 exd5 11. Ne5 Ba6 12. Be3 Bxe2 13. Qxe2 Bd6 14. Qb5
Bxe5 15. dxe5 Qd7 16. a4 Nc6 17. Rfd1 Nxe5 18. Qxd7 Nxd7 19. Rxd5 Nf6 20. Rd4
Rfd8 21. a5 Rxd4 22. Bxd4 bxa5 23. Rxa5 a6 24. f3 Ne8 25. Be5 f6 26. Bg3 Ra7
27. b4 Rb7 28. Rxa6 1/2-1/2

[Event "Obro 60 aar"]
[Site "Kobenhavn"]
[Date "1996.10.15"]
[Round "4"]
[White "Spoer, Morten"]
[Black "Fredericia, Louise Winther"]
[Result "0-1"]
[WhiteElo "2000"]
[BlackElo "2000"]
[PlyCount "38"]
[EventDate "1996.10.12"]
[EventCountry "DEN"]
[SourceVersionDate "2022.08.28"]

1. e4 c5 2. Nf3 Nc6 3. d4 cxd4 4. Nxd4 g6 5. Nc3 Bg7 6. Be3 Nf6 7. Nxc6 bxc6 8.
e5 Nd5 9. Nxd5 cxd5 10. Qxd5 Rb8 11. Bxa7 Rxb2 12. O-O-O Rb7 13. Be3 O-O 14. f4
d6 15. Be2 Qc7 16. Bd4 Be6 17. exd6 exd6 18. Qf3 Bf5 19. c3 Bxd4 0-1

[Event "Obro 60 aar"]
[Site "Kobenhavn"]
[Date "1996.10.15"]
[Round "4"]
[White "Rodgaard, John"]
[Black "Henrichsen, Jens"]
[Result "0-1"]
[WhiteElo "2375"]
[BlackElo "2075"]
[PlyCount "110"]
[EventDate "1996.10.12"]
[EventCountry "DEN"]
[SourceVersionDate "2022.08.28"]

1. c4 Nf6 2. Nf3 g6 3. Nc3 Bg7 4. e4 d6 5. d4 O-O 6. Be2 e5 7. O-O Nc6 8. d5
Ne7 9. Ne1 Nd7 10. Be3 f5 11. f3 f4 12. Bf2 g5 13. a4 Ng6 14. a5 Rf7 15. b4 Nf6
16. c5 Bf8 17. c6 h5 18. cxb7 Bxb7 19. Kh1 Rg7 20. Nd3 Bc8 21. Nb5 a6 22. Na7
Bd7 23. Qc2 g4 24. Nc6 Qc8 25. Rfc1 g3 26. hxg3 fxg3 27. Bxg3 h4 28. Bh2 Nh5
29. f4 Ng3+ 30. Kg1 Nxf4 31. Nxf4 exf4 32. Bf3 Qb7 33. Qd2 Rf7 34. e5 Bxc6 35.
dxc6 Qa7+ 36. Qf2 dxe5 37. Qxa7 Rxa7 38. Bd5 Ne2+ 39. Kf2 Nxc1 40. Rxc1 Kg7 41.
Bxf7 Kxf7 42. Kf3 Bxb4 43. Ke4 Bd6 44. Rb1 Ke6 45. Rb7 Ra8 46. Bg1 Rg8 47. Bb6
Rxg2 48. Bxc7 Bxc7 49. Rxc7 Kd6 50. Rc8 h3 51. Rh8 Re2+ 52. Kd3 Re3+ 53. Kc4
Re4+ 54. Kd3 Ra4 55. Rh6+ Kc7 0-1

[Event "Obro 60 aar"]
[Site "Kobenhavn"]
[Date "1996.10.15"]
[Round "4"]
[White "Toldsted, Jorgen"]
[Black "Rimestad, Arild"]
[Result "1-0"]
[WhiteElo "2000"]
[BlackElo "2000"]
[PlyCount "86"]
[EventDate "1996.10.12"]
[EventCountry "DEN"]
[SourceVersionDate "2022.08.28"]

1. d4 e6 2. e4 d5 3. e5 c5 4. c3 Nc6 5. Nf3 Qb6 6. Bd3 Bd7 7. dxc5 Bxc5 8. O-O
a5 9. Qe2 Nge7 10. Bf4 a4 11. Bg3 Na7 12. Re1 Bb5 13. c4 Bxc4 14. Bxc4 dxc4 15.
Qxc4 Nf5 16. Qxa4+ Kf8 17. Qf4 h6 18. Nc3 g5 19. Qd2 Rd8 20. Qc2 Nxg3 21. hxg3
Qc6 22. Rad1 Kg7 23. Ne4 Be7 24. Qe2 Rxd1 25. Rxd1 Nb5 26. Nf6 Rd8 27. Nh5+ Kf8
28. Rxd8+ Bxd8 29. Qd3 Bb6 30. Nf6 Ke7 31. Ng8+ Ke8 32. Nxh6 Qc5 33. Ng4 Bd8
34. Qh7 Qf8 35. Qe4 Nc7 36. Qxb7 Qc5 37. Qc8 Qc1+ 38. Kh2 Qd1 39. Nf6+ Ke7 40.
Qb7 Kf8 41. Qb4+ Kg7 42. Qg4 Bxf6 43. exf6+ Kxf6 1-0

[Event "Obro 60 aar"]
[Site "Kobenhavn"]
[Date "1996.10.15"]
[Round "4"]
[White "Jakobsen, Ole"]
[Black "Nolsoe, Eydun"]
[Result "1-0"]
[WhiteElo "2400"]
[BlackElo "2160"]
[PlyCount "119"]
[EventDate "1996.10.12"]
[EventCountry "DEN"]
[SourceVersionDate "2022.08.28"]

1. d4 d5 2. Nf3 Nf6 3. c4 c6 4. e3 e6 5. Bd3 Nbd7 6. O-O dxc4 7. Bxc4 b5 8. Be2
a6 9. a4 Bb7 10. Nbd2 Qb6 11. Nb3 c5 12. axb5 axb5 13. Rxa8+ Bxa8 14. dxc5 Nxc5
15. Nbd4 b4 16. Bb5+ Ncd7 17. Qa4 Bxf3 18. Nxf3 Bd6 19. Bd2 Ke7 20. Bxb4 Nc5
21. Bxc5 Qxc5 22. b4 Qc7 23. Bc6 Rb8 24. b5 h6 25. h3 g5 26. Ra1 Bc5 27. Qc4
Qd6 28. Qc3 g4 29. hxg4 Nxg4 30. Qg7 h5 31. Qg5+ Nf6 32. Qe5 Rg8 33. Qxd6+ Kxd6
34. Rd1+ Ke7 35. Ne5 h4 36. Kf1 Rb8 37. Ke2 Bb6 38. Rh1 Bc7 39. Nf3 Nd5 40.
Bxd5 exd5 41. Nd4 Kf6 42. Rxh4 Be5 43. b6 Bxd4 44. Rxd4 Rxb6 45. Rxd5 Rb2+ 46.
Rd2 Rb3 47. f4 Ra3 48. g4 Rb3 49. Kf3 Rb1 50. g5+ Kg6 51. Rd6+ Kg7 52. e4 Rf1+
53. Kg4 Rf2 54. Kf5 Rf1 55. e5 Rf2 56. g6 fxg6+ 57. Rxg6+ Kf7 58. Ra6 Rf1 59.
Ra7+ Kf8 60. Kg5 1-0

[Event "Obro 60 aar"]
[Site "Kobenhavn"]
[Date "1996.10.15"]
[Round "4"]
[White "Hartung Nielsen, Jens"]
[Black "Larsen, Karsten"]
[Result "1-0"]
[WhiteElo "2255"]
[BlackElo "2000"]
[PlyCount "75"]
[EventDate "1996.10.12"]
[EventCountry "DEN"]
[SourceVersionDate "2022.08.28"]

1. d4 Nf6 2. c4 g6 3. Nc3 Bg7 4. e4 d6 5. Nf3 O-O 6. Be3 e5 7. dxe5 dxe5 8.
Qxd8 Rxd8 9. Nd5 Nxd5 10. cxd5 c6 11. Bc4 b5 12. Bb3 Bb7 13. Rc1 a5 14. a3 a4
15. Ba2 b4 16. axb4 a3 17. bxa3 Rxa3 18. Bc4 cxd5 19. exd5 Na6 20. O-O Bf8 21.
Nxe5 Nxb4 22. d6 Bd5 23. Bc5 Bxc4 24. Rxc4 Ra5 25. Bb6 Rxe5 26. Bxd8 Bxd6 27.
Bf6 Re8 28. g3 Nd5 29. Ba1 Bf8 30. Rfc1 Nb6 31. Rc6 Nd5 32. Bd4 Ne7 33. Rc7 Nf5
34. Bb2 Rb8 35. R1c2 h5 36. Rc8 Rb3 37. Bf6 Rb6 38. Rxf8+ 1-0

[Event "Obro 60 aar"]
[Site "Kobenhavn"]
[Date "1996.10.15"]
[Round "4"]
[White "Johansen, Morten"]
[Black "Hansen, Soren Asger"]
[Result "1-0"]
[WhiteElo "2220"]
[BlackElo "2000"]
[PlyCount "89"]
[EventDate "1996.10.12"]
[EventCountry "DEN"]
[SourceVersionDate "2022.08.28"]

1. d4 Nf6 2. c4 g6 3. Nc3 Bg7 4. e4 d6 5. f3 O-O 6. Be3 c6 7. Qd2 e5 8. d5 cxd5
9. cxd5 Nh5 10. Nge2 f5 11. O-O-O Na6 12. h3 f4 13. Bf2 Bd7 14. Kb1 Qa5 15. Nc1
Nc5 16. Nd3 Nxd3 17. Bxd3 a6 18. Rc1 Rac8 19. Rc2 Bf6 20. Rhc1 Kg7 21. Qd1 h6
22. Qg1 Qd8 23. Bb6 Qe7 24. Ba5 Qf7 25. Bb4 Be7 26. Qb6 Qf6 27. Nd1 Rxc2 28.
Rxc2 Bc8 29. Rc7 Rd8 30. Qf2 Kg8 31. Qc2 Qf8 32. a4 Nf6 33. a5 g5 34. b3 h5 35.
Nb2 g4 36. hxg4 hxg4 37. Na4 gxf3 38. gxf3 Nd7 39. Bf1 Kf7 40. Bh3 b5 41. axb6
Nxb6 42. Be6+ Bxe6 43. dxe6+ Kxe6 44. Nxb6 Rb8 45. Qc4+ 1-0

[Event "Obro 60 aar"]
[Site "Kobenhavn"]
[Date "1996.10.15"]
[Round "4"]
[White "Larsen, Peder"]
[Black "Nilsson, Lars Kjoller"]
[Result "0-1"]
[WhiteElo "2050"]
[BlackElo "2200"]
[PlyCount "72"]
[EventDate "1996.10.12"]
[EventCountry "DEN"]
[SourceVersionDate "2022.08.28"]

1. d4 Nf6 2. c4 c5 3. d5 b5 4. cxb5 a6 5. bxa6 Bxa6 6. Nc3 d6 7. f4 g6 8. Nf3
Bg7 9. e4 Bxf1 10. Rxf1 Qa5 11. e5 Ne4 12. Bd2 Nxd2 13. Nxd2 O-O 14. Nc4 Qb4
15. Qe2 Nd7 16. Kf2 dxe5 17. fxe5 Nxe5 18. Nxe5 Qd4+ 19. Qe3 Bxe5 20. Qxd4
Bxd4+ 21. Ke2 Rfb8 22. Rfb1 Bxc3 23. bxc3 Rxb1 24. Rxb1 Rxa2+ 25. Kd3 Rxg2 26.
Kc4 Rxh2 27. Kxc5 h5 28. c4 h4 29. Kd4 h3 30. c5 Rc2 31. c6 e5+ 32. Kxe5 h2 33.
d6 Rc5+ 34. Kd4 Rxc6 35. Kd5 Rc2 36. Rd1 Rd2+ 0-1

[Event "Obro 60 aar"]
[Site "Kobenhavn"]
[Date "1996.10.15"]
[Round "4"]
[White "El Kher, Henrik"]
[Black "Olsen, Heini"]
[Result "1/2-1/2"]
[WhiteElo "2200"]
[BlackElo "2315"]
[PlyCount "83"]
[EventDate "1996.10.12"]
[EventCountry "DEN"]
[SourceVersionDate "2022.08.28"]

1. c4 f5 2. Nf3 Nf6 3. g3 g6 4. b4 Bg7 5. Bb2 d6 6. Bg2 O-O 7. O-O c6 8. c5 a5
9. Qb3+ Kh8 10. cxd6 axb4 11. Qxb4 Qxd6 12. Qf4 Be6 13. a4 Nbd7 14. d3 Qxf4 15.
gxf4 Nc5 16. a5 Nd5 17. Bxg7+ Kxg7 18. e3 Nb3 19. Ra3 Nb4 20. Nbd2 Nxd2 21.
Nxd2 b6 22. a6 Rxa6 23. Rxa6 Nxa6 24. Rb1 Rb8 25. Bxc6 Nc7 26. Nf3 b5 27. Nd4
Rb6 28. Nxe6+ Nxe6 29. Bd5 Nc5 30. d4 Na4 31. Rb4 Kf6 32. Kf1 Nc3 33. Bc4 Ra6
34. Bd3 Ra1+ 35. Kg2 Ra4 36. Rb3 b4 37. Bc2 Ra2 38. Bb1 Ra4 39. Bc2 Ra2 40. Bb1
Ra1 41. Bc2 Ra2 42. Bb1 1/2-1/2

[Event "Obro 60 aar"]
[Site "Kobenhavn"]
[Date "1996.10.15"]
[Round "4"]
[White "Nilssen, John Arni"]
[Black "Olsen, Peter Erik"]
[Result "1-0"]
[WhiteElo "2230"]
[BlackElo "2240"]
[PlyCount "87"]
[EventDate "1996.10.12"]
[EventCountry "DEN"]
[SourceVersionDate "2022.08.28"]

1. Nf3 c5 2. c4 Nc6 3. Nc3 e5 4. e3 Nf6 5. d4 cxd4 6. exd4 e4 7. Ng5 h6 8.
Ngxe4 Nxe4 9. Nxe4 Qh4 10. Qe2 Nxd4 11. Nd6+ Kd8 12. Nxf7+ Kc7 13. Qe5+ d6 14.
Qf4 Qe7+ 15. Be3 Ne6 16. Qf3 Rh7 17. Bd3 g6 18. Bxg6 Rg7 19. c5 Nxc5 20. Bh5
Be6 21. Nxh6 Nd3+ 22. Kd2 Ne5 23. Rac1+ Nc6 24. Nf5 Qf6 25. Nd4 Qxf3 26. Bxf3
Bd7 27. b4 a6 28. a4 Kd8 29. Nxc6+ Bxc6 30. Bxc6 bxc6 31. Rxc6 Rxg2 32. h4 Kd7
33. Rb6 Bg7 34. h5 Be5 35. h6 a5 36. b5 Rc8 37. h7 d5 38. Rb7+ Ke6 39. Rh6+ Kf5
40. Rf7+ Kg4 41. Rg6+ Kh3 42. Rf3+ Kh2 43. Rh6+ Kg1 44. Rfh3 1-0

[Event "Obro 60 aar"]
[Site "Kobenhavn"]
[Date "1996.10.15"]
[Round "4"]
[White "Larsen, Peter"]
[Black "Overgaard, Christian M"]
[Result "1-0"]
[WhiteElo "2085"]
[BlackElo "2270"]
[PlyCount "121"]
[EventDate "1996.10.12"]
[EventCountry "DEN"]
[SourceVersionDate "2022.08.28"]

1. e4 c5 2. Nf3 Nc6 3. c3
Qa5 4. g3 Nf6 5. Qe2 e5 6. Bg2 b5 7. O-O d6 8. d4 Be7 9. d5 Nb8 10. Na3 a6 11.
Nc2 O-O 12. Nh4 Re8 13. Ne3 Nbd7 14. Nef5 Bf8 15. g4 h6 16. Kh1 Nh7 17. Rg1 Qd8
18. Nf3 c4 19. h4 Nc5 20. Bh3 Nd3 21. g5 g6 22. gxh6 Nxc1 23. Raxc1 Kh8 24. Ng5
Qf6 25. Qg4 Be7 26. Nxf7+ Qxf7 27. Qxg6 Qxg6 28. Rxg6 Bxf5 29. Bxf5 Rg8 30. h5
Nf6 31. Be6 Nxe4 32. Bxg8 Rxg8 33. Rxg8+ Kxg8 34. Rg1+ Kh8 35. Rg7 Bf6 36. Ra7
Nxf2+ 37. Kg2 Ng4 38. Rxa6 Ne3+ 39. Kf3 Nf5 40. Rb6 Kh7 41. Rxb5 Kxh6 42. a4
Kxh5 43. a5 Bg5 44. a6 Be3 45. Rb4 Bg1 46. Rxc4 Ne7 47. a7 Bxa7 48. Rc7 Nxd5
49. Rxa7 Nf6 50. Rg7 Kh6 51. Rg1 d5 52. b4 Ne4 53. b5 Nd2+ 54. Ke2 Nc4 55. Kd3
Kh5 56. Rg8 Nb2+ 57. Kc2 Nc4 58. Rb8 e4 59. b6 e3 60. b7 e2 61. Re8 1-0

[Event "Obro 60 aar"]
[Site "Kobenhavn"]
[Date "1996.10.15"]
[Round "4"]
[White "Petersen, Steen Brustrup"]
[Black "Palm, Nikolaj"]
[Result "1/2-1/2"]
[WhiteElo "2150"]
[BlackElo "2260"]
[PlyCount "115"]
[EventDate "1996.10.12"]
[EventCountry "DEN"]
[SourceVersionDate "2022.08.28"]

1. e4 e5 2. Nf3 Nc6 3. Bb5 a6 4. Ba4 Nf6 5. O-O Be7 6. Re1 b5 7. Bb3 d6 8. c3
O-O 9. h3 Na5 10. Bc2 c5 11. d4 Qc7 12. Nbd2 Bd7 13. Nf1 Rac8 14. Ne3 Rfe8 15.
b3 Bf8 16. Bb2 g6 17. dxe5 dxe5 18. Qe2 c4 19. b4 Nb7 20. a4 Bc6 21. axb5 axb5
22. Nf1 Nh5 23. g3 Rcd8 24. Bc1 Bg7 25. Be3 Qc8 26. Kh2 Qe6 27. Ra6 h6 28. Ng1
Rd6 29. Rd1 Red8 30. Rxd6 Rxd6 31. Nd2 Kh7 32. Nf1 Bf6 33. Nd2 Qc8 34. Ra7 Bg7
35. Qg4 Bd7 36. Qf3 Rf6 37. Qe2 Bc6 38. Qg4 Qe8 39. Qe2 Qb8 40. Qg4 Rd6 41. Qe2
Rd7 42. Ra6 Qc8 43. Ra1 Nd8 44. Ra3 Ne6 45. Nb1 Bb7 46. f3 Qc6 47. Bf2 Bf8 48.
Ra2 Nf6 49. Qe1 Be7 50. Ne2 Bd8 51. Qg1 Rd6 52. Kg2 Nd7 53. Be3 Bb6 54. Qf2
Bxe3 55. Qxe3 Nf6 56. Kf2 Ng5 57. Ng1 Qd7 58. Kg2 1/2-1/2

[Event "Obro 60 aar"]
[Site "Kobenhavn"]
[Date "1996.10.15"]
[Round "4"]
[White "Nilsson, Nils Specht"]
[Black "Backlund, Anders"]
[Result "0-1"]
[WhiteElo "2235"]
[BlackElo "2190"]
[PlyCount "151"]
[EventDate "1996.10.12"]
[EventCountry "DEN"]
[SourceVersionDate "2022.08.28"]

1. e4 e6 2. d4 d5 3. Nc3 Bb4 4. e5 c5 5. a3 Bxc3+ 6. bxc3 Ne7 7. Ne2 Bd7 8. g3
Nbc6 9. h4 Qc7 10. Bh3 cxd4 11. cxd4 Na5 12. O-O Ba4 13. Bd2 Bxc2 14. Bxa5 Bxd1
15. Bxc7 Bxe2 16. Rfb1 b6 17. Rc1 Kd7 18. Bd6 Rhc8 19. Bxe7 Kxe7 20. f4 Ba6 21.
f5 Rxc1+ 22. Rxc1 Rc8 23. Rxc8 Bxc8 24. fxe6 Bxe6 25. Bf1 f6 26. exf6+ Kxf6 27.
Kf2 Bf5 28. Ke3 Bb1 29. Bh3 a5 30. Kd2 Ba2 31. Bd7 Bc4 32. Kc3 h6 33. Kd2 Ke7
34. Bh3 Kd6 35. Bg4 Bb5 36. Bh3 Bd7 37. Bf1 Ke7 38. Kc3 Kf6 39. Bd3 Bf5 40. Be2
Ke6 41. Ba6 Kd6 42. Bb5 Bg4 43. Ba6 Bd7 44. Be2 Ba4 45. Bg4 Bb5 46. Bh3 Ke7 47.
Bg4 Kf6 48. Bh3 g5 49. Bg4 gxh4 50. gxh4 Kg6 51. Kd2 Bc4 52. Kc2 Bf1 53. Kb3
Bd3 54. Kc3 Bf5 55. Be2 Bd7 56. Kd2 Kf5 57. Ke3 b5 58. Kf3 b4 59. axb4 axb4 60.
Bd1 Bb5 61. Bc2+ Kf6 62. Ke3 Bf1 63. Kf4 Bc4 64. Bb1 Bb3 65. Ke3 Bd1 66. Kd2
Bf3 67. Ke3 Bg4 68. Ba2 Ke6 69. Bb3 Bf5 70. Kd2 Be4 71. Bd1 Kf5 72. Ke3 Bh1 73.
Kd2 Kf4 74. Kc2 Bf3 75. Bxf3 Kxf3 76. Kb3 0-1

[Event "Obro 60 aar"]
[Site "Kobenhavn"]
[Date "1996.10.16"]
[Round "5"]
[White "Pallesen, Jacob"]
[Black "Spoer, Morten"]
[Result "0-1"]
[WhiteElo "2000"]
[BlackElo "2000"]
[PlyCount "46"]
[EventDate "1996.10.12"]
[EventCountry "DEN"]
[SourceVersionDate "2022.08.28"]

1. d4 d5 2. c4 e6 3. Nc3 Nf6
4. cxd5 exd5 5. Bg5 Be7 6. e3 O-O 7. Bd3 Nbd7 8. Qc2 c6 9. Nge2 Re8 10. O-O-O
Nf8 11. f3 Be6 12. e4 dxe4 13. fxe4 Ng4 14. Bxe7 Qxe7 15. Rde1 b5 16. Kb1 Nf2
17. Rhf1 Nxd3 18. Qxd3 Bc4 19. Qf3 b4 20. b3 bxc3 21. bxc4 Qb4+ 22. Kc2 Qb2+
23. Kd3 Qd2# 0-1

[Event "Obro 60 aar"]
[Site "Kobenhavn"]
[Date "1996.10.16"]
[Round "5"]
[White "Backlund, Anders"]
[Black "Malekian, Babak"]
[Result "1/2-1/2"]
[WhiteElo "2190"]
[BlackElo "2275"]
[PlyCount "37"]
[EventDate "1996.10.12"]
[EventCountry "DEN"]
[SourceVersionDate "2022.08.28"]

1. e4 g6 2. d4 c6 3. Nc3 d5 4. e5 Nh6 5. Be2 Bg7 6. f4 Qb6 7. g4 f6 8. Na4 Qa5+
9. c3 O-O 10. h3 Nd7 11. b4 Qc7 12. Nf3 b5 13. Nc5 Nxc5 14. bxc5 Bd7 15. Be3
Nf7 16. Qd2 Rab8 17. Kf2 Rbe8 18. Rae1 a6 19. Kg2 1/2-1/2

[Event "Obro 60 aar"]
[Site "Kobenhavn"]
[Date "1996.10.16"]
[Round "5"]
[White "Olesen, Martin"]
[Black "Hartvig, Ove Weiss"]
[Result "1/2-1/2"]
[WhiteElo "2370"]
[BlackElo "2310"]
[PlyCount "35"]
[EventDate "1996.10.12"]
[EventCountry "DEN"]
[SourceVersionDate "2022.08.28"]

1. d4 Nf6 2. Nf3 c5 3. e3 cxd4 4. exd4 d5 5. Nbd2 g6 6. Bd3 Bg7 7. O-O Nc6 8.
c3 O-O 9. Re1 Ne8 10. Qe2 Nd6 11. Ne5 Re8 12. h4 Bf5 13. Bxf5 Nxf5 14. Ndf3 e6
15. h5 Rc8 16. hxg6 hxg6 17. Bf4 a6 18. g4 1/2-1/2

[Event "Obro 60 aar"]
[Site "Kobenhavn"]
[Date "1996.10.16"]
[Round "5"]
[White "Stojanovski, Sandi"]
[Black "Vestergaard, Kenneth"]
[Result "1-0"]
[WhiteElo "2200"]
[BlackElo "2000"]
[PlyCount "52"]
[EventDate "1996.10.12"]
[EventCountry "DEN"]
[SourceVersionDate "2022.08.28"]

1. d4 d5 2. c4 e6 3. Nc3 c6 4. e3 Nf6 5. Nf3 Be7 6. g4 dxc4 7. Bxc4 b5 8. Bd3
Bb7 9. Qc2 Na6 10. a3 b4 11. g5 Nd5 12. Nxd5 Qxd5 13. e4 Qa5 14. Bd2 c5 15. Ne5
O-O 16. d5 Qc7 17. Ng4 exd5 18. exd5 Bxd5 19. Bxh7+ Kh8 20. Qd3 g6 21. Qh3 Bg2
22. Qh4 Bxg5 23. Bxg5 Rfe8+ 24. Kd2 Qd6+ 25. Kc1 Re6 26. Bxg6+ Kg7 1-0

[Event "Obro 60 aar"]
[Site "Kobenhavn"]
[Date "1996.10.16"]
[Round "5"]
[White "Brinck Claussen, Bjorn"]
[Black "Nilssen, John Arni"]
[Result "0-1"]
[WhiteElo "2395"]
[BlackElo "2230"]
[PlyCount "60"]
[EventDate "1996.10.12"]
[EventCountry "DEN"]
[SourceVersionDate "2022.08.28"]

1. e4 c5 2. Nf3 Nc6 3. d4 cxd4 4. Nxd4 e5 5. Nb5 d6 6. c4 Be7 7. N1c3 a6 8. Na3
Be6 9. Nc2 Rc8 10. b3 Nf6 11. Be2 O-O 12. O-O b5 13. cxb5 Na7 14. Bb2 Nxb5 15.
Nxb5 axb5 16. Bxb5 Nxe4 17. Ne3 Bg5 18. Qd3 Qb6 19. Qxe4 Qxb5 20. Rfd1 Qe2 21.
Ba3 d5 22. Qxe5 Bf6 23. Qf4 Bxa1 24. Rxa1 Rfd8 25. Qd4 f6 26. Bc5 Qb5 27. b4
Ra8 28. a3 Ra4 29. Bb6 Rb8 30. Ba5 Qxa5 0-1

[Event "Obro 60 aar"]
[Site "Kobenhavn"]
[Date "1996.10.16"]
[Round "5"]
[White "Olesen, Michael"]
[Black "Johansen, Morten"]
[Result "1/2-1/2"]
[WhiteElo "2000"]
[BlackElo "2220"]
[PlyCount "48"]
[EventDate "1996.10.12"]
[EventCountry "DEN"]
[SourceVersionDate "2022.08.28"]

1. Nf3 d5 2. d4 c6 3. e3 Nf6 4. c4 e6 5. Nc3 Nbd7 6. Qc2 Be7 7. Bd2 O-O 8.
O-O-O dxc4 9. Bxc4 a6 10. Bd3 c5 11. Ng5 h6 12. Nge4 cxd4 13. exd4 b5 14. Kb1
Bb7 15. Be3 Qa5 16. f3 Nd5 17. Nxd5 Bxd5 18. Nc3 Bb7 19. Be4 Bxe4 20. fxe4 Rac8
21. Qd2 Bb4 22. Bxh6 gxh6 23. Qxh6 Rfe8 24. Rd3 Nf8 1/2-1/2

[Event "Obro 60 aar"]
[Site "Kobenhavn"]
[Date "1996.10.16"]
[Round "5"]
[White "Olsen, Heini"]
[Black "Schiodt, Niels Christian"]
[Result "1/2-1/2"]
[WhiteElo "2315"]
[BlackElo "2000"]
[PlyCount "33"]
[EventDate "1996.10.12"]
[EventCountry "DEN"]
[SourceVersionDate "2022.08.28"]

1. Nf3 Nf6 2. c4 c6 3. d4 d5 4. Nc3 e6 5. e3 Nbd7 6. Qc2 Bb4 7. Bd3 O-O 8. O-O
Be7 9. a3 Bd6 10. Bd2 dxc4 11. Bxc4 e5 12. Ng5 h6 13. Nge4 Bc7 14. Rfe1 Nb6 15.
Bd3 Nxe4 16. Nxe4 Nd5 17. dxe5 1/2-1/2

[Event "Obro 60 aar"]
[Site "Kobenhavn"]
[Date "1996.10.16"]
[Round "5"]
[White "Nielsen, Poul Steen"]
[Black "Larsen, Peder"]
[Result "0-1"]
[WhiteElo "2000"]
[BlackElo "2050"]
[PlyCount "98"]
[EventDate "1996.10.12"]
[EventCountry "DEN"]
[SourceVersionDate "2022.08.28"]

1. d4 Nf6 2. Nf3 e6 3. e3 b6 4. Nbd2 Bb7 5. Bd3 c5 6. b3 Nc6 7. a3 Be7 8. Bb2
O-O 9. O-O cxd4 10. exd4 Nd5 11. Re1 Nf4 12. Bf1 d6 13. g3 Ng6 14. Qe2 Qc7 15.
c4 Rad8 16. h4 Rfe8 17. Bh3 e5 18. d5 Nb8 19. Ne4 Bc8 20. Bxc8 Qxc8 21. Nfg5 h6
22. Qh5 hxg5 23. hxg5 Qf5 24. g4 Nf4 25. gxf5 Nxh5 26. Kg2 Nd7 27. Kf3 g6 28.
Rh1 Nc5 29. Nxc5 bxc5 30. f6 Bxf6 31. gxf6 Rb8 32. b4 cxb4 33. Rxh5 gxh5 34.
Rg1+ Kh8 35. Bc1 Rg8 36. Rh1 Rg6 37. Rxh5+ Kg8 38. axb4 Rxf6+ 39. Kg4 Rxb4 40.
Rg5+ Rg6 41. Rxg6+ fxg6 42. Kg5 Rxc4 43. Ba3 Kf7 44. Bxd6 a5 45. Bxe5 Rc5 46.
Ba1 Rxd5+ 47. Kf4 Rd1 48. Bc3 a4 49. Ke3 a3 0-1

[Event "Obro 60 aar"]
[Site "Kobenhavn"]
[Date "1996.10.16"]
[Round "5"]
[White "Olsen, Peter Erik"]
[Black "El Kher, Henrik"]
[Result "1-0"]
[WhiteElo "2240"]
[BlackElo "2200"]
[PlyCount "71"]
[EventDate "1996.10.12"]
[EventCountry "DEN"]
[SourceVersionDate "2022.08.28"]

1. d4 c5 2. d5 Nf6 3. Nc3 e5 4. e4 d6 5. Nf3 Be7 6. Bb5+ Nbd7 7. a4 a6 8. Bd3
Nf8 9. h3 Ng6 10. Be3 h5 11. g3 h4 12. g4 Nh7 13. Qd2 Ngf8 14. Nd1 Bd7 15. b4
Ng6 16. bxc5 dxc5 17. a5 Qc7 18. Nb2 Rd8 19. Nc4 O-O 20. Qc3 Bb5 21. Na3 Bd7
22. Rb1 Nf6 23. Rb6 c4 24. Qxc4 Qb8 25. Qb3 Bc8 26. Nc4 Nf4 27. Bxf4 exf4 28.
O-O Bc5 29. Rxf6 gxf6 30. Qc3 f5 31. gxf5 f6 32. Kh1 Kh7 33. Rg1 Bxf2 34. Rg6
Qc7 35. Nh2 f3 36. Qd2 1-0

[Event "Obro 60 aar"]
[Site "Kobenhavn"]
[Date "1996.10.16"]
[Round "5"]
[White "Hansen, Soren Asger"]
[Black "Petersen, Nils"]
[Result "0-1"]
[WhiteElo "2000"]
[BlackElo "2135"]
[PlyCount "92"]
[EventDate "1996.10.12"]
[EventCountry "DEN"]
[SourceVersionDate "2022.08.28"]

1. e4 c5 2. Nc3 e6 3. Nf3 Nc6 4. Bc4 Nge7 5. O-O d5 6. exd5 exd5 7. Bb5 d4 8.
Ne4 a6 9. Bxc6+ Nxc6 10. Re1 Be6 11. Nfg5 Be7 12. Nxe6 fxe6 13. Nxc5 Bxc5 14.
Qh5+ g6 15. Qxc5 Qe7 16. Qc4 Kf7 17. b3 Rhd8 18. Bb2 Rac8 19. Qe2 Qf6 20. c3 e5
21. c4 Kg8 22. d3 Re8 23. f3 Qf5 24. a3 a5 25. Qd2 b6 26. Re4 Re6 27. Rae1 Rce8
28. b4 g5 29. b5 Nb8 30. Qe2 Kf7 31. a4 Nd7 32. Ba3 Nf6 33. c5 bxc5 34. Rf1 Qg6
35. Qa2 Nxe4 36. fxe4+ Kg7 37. Bxc5 Rf6 38. Rb1 Qf7 39. Qd2 h6 40. Qxa5 Qa2 41.
Rf1 Rxf1+ 42. Kxf1 Qb1+ 43. Qe1 Qxd3+ 44. Kg1 Qc2 45. Bd6 Re6 46. Bb8 d3 0-1

[Event "Obro 60 aar"]
[Site "Kobenhavn"]
[Date "1996.10.16"]
[Round "5"]
[White "Nilsson, Lars Kjoller"]
[Black "Toldsted, Jorgen"]
[Result "0-1"]
[WhiteElo "2200"]
[BlackElo "2000"]
[PlyCount "76"]
[EventDate "1996.10.12"]
[EventCountry "DEN"]
[SourceVersionDate "2022.08.28"]

1. e4 c6 2. c4 d5 3. exd5 cxd5 4. cxd5 Nf6 5. Bb5+ Nbd7 6. Nc3 g6 7. Nf3 Bg7 8.
d4 O-O 9. Bf4 Nb6 10. d6 exd6 11. O-O a6 12. Bd3 Be6 13. Re1 Qd7 14. Ng5 Bd5
15. Qd2 Nc4 16. Bxc4 Bxc4 17. Nge4 d5 18. Nc5 Qc8 19. Re7 b6 20. N5a4 Qd8 21.
Rae1 Ne4 22. Nxe4 Qxe7 23. Bd6 Qd8 24. Bxf8 Bxf8 25. Nec3 a5 26. a3 Bb3 27. Qe2
Bc4 28. Qc2 Rc8 29. Nd1 Qf6 30. Qd2 Bg7 31. Re3 Bh6 32. Nac3 Bb3 33. Qe2 Bxe3
34. fxe3 Bxd1 35. Qxd1 Qg5 36. Qf3 Rd8 37. Kf2 Rd6 38. Nb5 Rf6 0-1